000 00980cab a22001935a 4500
001 L142968
008 080326e20080320xxk f 000 0 eng d
035 _a(Sirsi) u142968
041 0 _aeng
100 1 _aMorrison, Doug
245 0 0 _aRepo men
260 _c2008
490 _aProperty Week
_v73(12) 20 March 2008, 46-47(2)
520 _aReports on an increase in residential properties being sent for distressed sales at auction. First time buyers are being attracted to auction rooms in search of bargains, as well as dealers and speculators. However buy-to-let investors are not present in numbers at the moment. Repossessions rose by 27% in 2007. Suggests that this may be the first harbinger of a housing market downtown. Covers the trend to sale-and-rent-back, which is a new solution available to homeowners in need of a last resort to avoid the stigma of repossession.
590 _aKA
651 4 _aUnited Kingdom
_y
690 _aAuctioneering
_96218
942 _n0
999 _c79996
_d79996